<?xml version="1.0" encoding="UTF-8"?><?xml-stylesheet type="text/xsl" href="static/style.xsl"?><OAI-PMH xmlns="http://www.openarchives.org/OAI/2.0/" xmlns:xsi="http://www.w3.org/2001/XMLSchema-instance" xsi:schemaLocation="http://www.openarchives.org/OAI/2.0/ http://www.openarchives.org/OAI/2.0/OAI-PMH.xsd"><responseDate>2026-04-27T08:17:25Z</responseDate><request verb="GetRecord" identifier="oai:uvadoc.uva.es:10324/4777" metadataPrefix="marc">https://uvadoc.uva.es/oai/request</request><GetRecord><record><header><identifier>oai:uvadoc.uva.es:10324/4777</identifier><datestamp>2025-01-17T10:06:08Z</datestamp><setSpec>com_10324_38</setSpec><setSpec>col_10324_852</setSpec></header><metadata><record xmlns="http://www.loc.gov/MARC21/slim" xmlns:doc="http://www.lyncode.com/xoai" xmlns:xsi="http://www.w3.org/2001/XMLSchema-instance" xmlns:dcterms="http://purl.org/dc/terms/" xsi:schemaLocation="http://www.loc.gov/MARC21/slim http://www.loc.gov/standards/marcxml/schema/MARC21slim.xsd">
<leader>00925njm 22002777a 4500</leader>
<datafield tag="042" ind1=" " ind2=" ">
<subfield code="a">dc</subfield>
</datafield>
<datafield tag="720" ind1=" " ind2=" ">
<subfield code="a">Rua Pérez, Ana De La</subfield>
<subfield code="e">author</subfield>
</datafield>
<datafield tag="260" ind1=" " ind2=" ">
<subfield code="c">2013</subfield>
</datafield>
<datafield tag="520" ind1=" " ind2=" ">
<subfield code="a">La implementación de un documento europeo tienes diferentes pasos a superar. En este caso, es la implementación del portfolio europeo de lenguas (pel), que empieza con una normalización de la cultura en un aula de 1º de educación infantil en una escuela rural de Castilla y León. El contexto multicultural se caracteriza por un 53% de alumnado inmigrantes y minorías étnicas.&#xd;
Este proyecto emphatiza las actitudes fundamentales que se deben tener en la sociedad escolar (familia, profesores y entorno) para desarrollar un contexto pluricultural.</subfield>
</datafield>
<datafield tag="024" ind2=" " ind1="8">
<subfield code="a">http://uvadoc.uva.es/handle/10324/4777</subfield>
</datafield>
<datafield ind1=" " ind2=" " tag="653">
<subfield code="a">Educación intercultural</subfield>
</datafield>
<datafield tag="245" ind1="0" ind2="0">
<subfield code="a">Steps to transform a multicultural school into a pluricultural setting</subfield>
</datafield>
</record></metadata></record></GetRecord></OAI-PMH>